| 000 | 00561nam a22001577a 4500 | ||
|---|---|---|---|
| 005 | 20120426122559.0 | ||
| 020 |
_a8185462070 _c1993 |
||
| 035 | _aA-682194 | ||
| 037 |
_aDPL _bENG |
||
| 100 |
_aPanikkar, K.M. _945787 |
||
| 245 |
_aThe Mandela settlement / _cby K.M. Panikkar |
||
| 260 |
_aNew Delhi _bBatra _c1993 |
||
| 300 |
_a158p. _c18 cms. |
||
| 942 |
_2ddc _cEN _h320.560968 _mPAN |
||
| 999 |
_c65670 _d65670 |
||